Quizzes
Events
Quiz Creation
Community
Videos
Private Events
Remove Ads
Sign In
Join for FREE
Feedback
Dark Mode
Quiz Categories
Sports
Geography
Music
Movies
Television
Just For Fun
Miscellaneous
History
Literature
Language
Science
Gaming
Entertainment
Religion
Holiday
For Kids
Quiz Lab
Recent
Popular Today
Quiz Kudos Today
Editor Picks
Curator Picks
Quizzes by...
Day
Popularity
Type
Ratings
Length
Year
Community
Subscriptions
Recent Discussions
Orange Saloon
Badges
Playlists
Quests
Create
Leaderboards
Showdown
Live 5
Trivia Bingo
Activity
Puzzle Library
Sporcle Events
Private Events
Virtual Trivia
Globe League
Become a Host
Pub Owners
SporcleCon
Opinionation
Our Games
Videos
Blog
Mobile Apps
Partnerships
Remove Ads and Go Orange
Feedback
Sports
Athletes
MLB
NBA
NHL
NFL
Soccer
Sports Teams
WWE
NCAA
Football
Premier League
Basketball
Baseball
Hockey
Golf
Tennis
Cricket
Rugby
Auto Racing
Olympics
World Cup
Sports
Athletes
MLB
NBA
NHL
NFL
Soccer
Sports Teams
WWE
NCAA
Football
Premier League
Basketball
Baseball
Hockey
Golf
Tennis
Cricket
Rugby
Auto Racing
Olympics
World Cup
Random Quiz
Search Sporcle
×
Quiz Lab
Quiz Lab
Sports
Baseball
Type in answers that appear in a list
Type in answers that appear in a list
Classic
Best Score? Go Orange.
Baseball's 100 Greatest Players by The Sporting News Stats
Can you name the Baseball's 100 Greatest Players by The Sporting News?
By
Brett0440
10m
100 Questions
479 Plays
479 Plays
479 Plays
Comments
Comments
Give Quiz Kudos
Give Quiz Kudos
-
- Ratings
hide this ad
Replay
Link that replays current quiz
Next Quiz
Link to next quiz in quiz playlist
You Got
0%
They Got
Avg Score
63%
Avg Friend Score
Upgrade to see
Score Distribution
Jump to the score distribution portion of the page
Score
0/100
Timer
10:00
0
Plays Today
Rank
Players Name
% Correct
1
Babe Ruth
98.5%
6
Lou Gehrig
92.5%
2
Willie Mays
92.5%
3
Ty Cobb
92.1%
44
Jackie Robinson
91.9%
22
Frank Robinson
91.6%
80
Brooks Robinson
91.4%
17
Mickey Mantle
91.4%
8
Ted Williams
90.4%
11
Joe DiMaggio
90.2%
4
Walter Johnson
89.4%
5
Hank Aaron
88.5%
35
Joe Jackson
87.7%
48
Reggie Jackson
87.3%
40
Yogi Berra
86.8%
34
Barry Bonds
86.8%
20
Roberto Clemente
85%
10
Stan Musial
84.3%
25
Pete Rose
84.1%
13
Honus Wagner
83.9%
26
Sandy Koufax
83.1%
16
Johnny Bench
83.1%
31
Bob Gibson
82.7%
14
Cy Young
82.7%
53
Roger Clemens
82.5%
18
Josh Gibson
82.5%
28
Mike Schmidt
82%
63
Eddie Mathews
79.1%
15
Jimmie Foxx
78.5%
55
George Brett
77.2%
41
Nolan Ryan
76.8%
60
Joe Morgan
75.6%
42
Mel Ott
75.2%
39
Greg Maddux
75.2%
Rank
Players Name
% Correct
51
Rickey Henderson
74.7%
32
Tom Seaver
74.5%
69
Harmon Killebrew
73.9%
7
Christy Mathewson
73.5%
38
Ernie Banks
72.7%
56
Willie McCovey
72.2%
81
Willie Stargell
72%
9
Rogers Hornsby
71.8%
30
Steve Carlton
71%
76
Al Kaline
69.7%
72
Carl Yastrzemski
69.5%
87
Ozzie Smith
69.3%
49
Tony Gwynn
68.7%
83
Duke Snider
67.8%
27
Tris Speaker
67.8%
93
Ken Griffey Jr.
66.4%
91
Mark McGwire
65.8%
37
Hank Greenberg
65.3%
95
Wade Boggs
64.7%
99
Paul Molitor
63.9%
77
Eddie Murray
63.7%
52
Whitey Ford
63.7%
61
Rod Carew
63.3%
29
Nap Lajoie
62.6%
78
Cal Ripken, Jr.
62.2%
12
Grover Alexander
62%
21
Warren Spahn
61.8%
19
Satchel Paige
61.2%
58
Lou Brock
59.7%
64
Jim Palmer
59.5%
50
Roy Campanella
59.1%
23
Lefty Grove
59.1%
36
Bob Feller
58.5%
94
Dave Winfield
55.7%
Rank
Players Name
% Correct
90
Ralph Kiner
54.7%
24
Eddie Collins
53%
71
Juan Marichal
51.4%
62
Paul Waner
50.9%
46
Charlie Gehringer
50.3%
86
Kirby Puckett
49.9%
66
Cool Papa Bell
49.7%
97
Gaylord Perry
47.6%
43
Al Simmons
47.2%
98
Dennis Eckersley
47%
96
Rollie Fingers
45.9%
85
Dizzy Dean
45.9%
74
Robin Roberts
45.5%
57
Bill Dickey
45.3%
33
George Sisler
41.5%
84
Sam Crawford
39.2%
65
Mickey Cochrane
38.6%
88
Frankie Frisch
35.9%
73
Lefty Gomez
34.2%
54
Harry Heilmann
33.2%
45
Carl Hubbell
32.2%
92
Chuck Klein
31.9%
68
Eddie Plank
31.3%
59
Bill Terry
30.7%
67
Oscar Charleston
30.3%
100
Early Wynn
30.1%
70
Pie Traynor
29%
79
Joe Medwick
28.8%
75
Willie Keeler
27.6%
89
Goose Goslin
22.3%
82
Ed Walsh
20.5%
47
Buck Leonard
19.4%
Quiz Playlist
Details
Report
Send in Message
Add To Playlist
Classic:
Type in answers that appear in a list
Quiz Source
Last Updated: Feb 16, 2017
Quiz Scoreboard
CHALLENGE
Sign Up to Join the Scoreboard
Show All
Scores
Hide
Comments
May contain spoilers
Recently Published
Movies - When Are They Set?
by FPL_Elf
Movies
5m
Popular People in 1961
by mucciniale
History
6m
1-10 Letter E Words III
by El_Dandy
Language
2m
More to Explore
Quiz From the Vault
Featured Blog Post
Where Did the Easter Bunny Come From?
hide this ad
You Might Also Like...
Tags
Baseball Quiz
100
greatest
Player
Today's Top Quizzes in Sports
Browse Sports
hide this ad
Today's Top Quizzes in Baseball
Browse Baseball
Top Contributed Quizzes in Sports
1
Les meilleurs buteurs des matchs entre le PSG et l’OM
2
FIFA Club World Cup Champions
3
Les entraîneurs de l'OM et du PSG au 21e siècle
4
2022 World Cup Stars
5
Name the Premier League winners with different clubs
6
La finale Lions - Afrique du Sud 2021
7
Criteria MLB: Left Handed Sluggers
8
Les joueurs passés par le LOSC et le RC Lens
9
Players with Multiple 50 Home Run Seasons
10
MLB Players with Two .350 Batting Average Seasons
Explore More
Trending Topics
Disney
Anime
Harry Potter
NBA
Marvel
Kpop
Crossword
The Office
Soccer
WWE
Puzzle
NFL
Country
Song
Pokémon
hide this ad
More By:
Brett0440
Quiz
Plays
Rating
Category
Featured
Created
QB Who had Over 3000 Yards passing from 2000-2009
3,962
4.52
Sports
Oct 16, 2011
QB Who had Over 3000 Yards passing from 1990-1999
2,032
4.50
Sports
Jan 30, 2012
NHL All Time Goalies Wins Leader by Team
1,784
4.10
Sports
Jun 18, 2013
VH1's 100 Greatest Songs of the 90's
828
1.50
Music
Aug 14, 2011
NHL All Time Goal Leaders By Team
711
4.33
Sports
Jul 31, 2012
Go to Creator's Profile
Score Distribution
Quiz Creator Spotlight
Brett0440
Follow
Send a Message
Quizzes Created
-
Created Quiz Play Count
-
More By This Creator
Popular Quizzes Today
1
Find the Countries of Europe - No Outlines Minefield
2
Find the US States - No Outlines Minefield
3
The Countries of the World
4
Popular People in 1961
5
1-10 Letter E Words III
6
US States
7
Find the US States
8
One Thing in Common: World Cities II
More Sports Quizzes
NBA Rookies of the Year by Image
Published
Trending Quizzes
Risky Map Clicking: Least Populous States A-Z
Humor Books: The Subtitles
1-10 Letter F Words
1-10 Letter G Words
One Thing in Common: United Kingdom
Recently Updated
Leaping Animals
pecheneg
Reality TV Shows (A-Z)
bhenderson79
Rickey Henderson's Hall of Fame Teammates
pecheneg
Champions League XIs: Arsenal
pecheneg
Quick Pick: Celebrities in WWE's Hall of Fame
aduchscher
A-Z Keypad Blitz II
pecheneg
Multiple Oscar Actors
pecheneg
Mystery Phrase Blitz: Oscar 'Best Actors'
pecheneg
F. Scott Fitzgerald Novels
LTH
Pick 3 Villains
ddd62291
Trending Topics
Disney
Crossword
Harry Potter
NBA
Marvel
Anime
Kpop
Soccer
The Office
WWE
Puzzle
NFL
Song
Pokémon
Country
Your Account Isn't Verified!
In order to create a playlist on Sporcle, you need to verify the email address you used during registration. Go to your
Sporcle Settings
to finish the process.
Report this User
Report this user for behavior that violates our
Community Guidelines
.
Details:
Send Report
Go to the Sporcle.com Mobile Site →
Comments